000 00298nam a2200121 a 4500
005 20141022141959.0
008 120229s19uu xx 00 eng d
050 _aCD-ROM
_bB47 2005
100 _aBiagi, Shirley
245 _aImpact/Interactive /
_cShirley Biagi.
260 _c2005.
942 _cAVM
999 _c276178
_d276178